Vol. 5: Q-Sol; Encyclopedia of Condensed Matter Physics

Бібліографічні деталі
Parent link:Encyclopedia of Condensed Matter Physics/ под ред. F. Bassani; G. L. Liedl; P. Wyder. Vol. 5: Q-Sol.— , 2005.— 0-12-227610-8
Мова:Англійська
Опубліковано: 2005
Предмети:
Формат: MixedMaterials Книга
KOHA link:https://koha.lib.tpu.ru/cgi-bin/koha/opac-detail.pl?biblionumber=125198

MARC

LEADER 00000nam2a2200000 4500
001 125198
005 20231031131249.0
010 |a 0122276159 
035 |a (RuTPU)RU\TPU\book\135473 
035 |a RU\TPU\book\135471 
090 |a 125198 
100 |a 20071113d2005 k y0rusy50 ca 
101 0 |a eng 
102 |a GB 
105 |a a f 001zy 
200 0 |a Vol. 5: Q-Sol 
210 |d 2005 
215 |a 408 p.  |c il. 
320 |a Библиография в конце глав. 
461 1 |0 (RuTPU)RU\TPU\book\135670  |y 0-12-227610-8  |t Encyclopedia of Condensed Matter Physics  |f под ред. F. Bassani; G. L. Liedl; P. Wyder  |v Vol. 5: Q-Sol  |d 2005 
610 1 |a физика 
610 1 |a конденсированные вещества 
610 1 |a английский язык 
610 1 |a энциклопедии 
675 |a 53(031)  |v 3 
801 1 |a RU  |b 63413507  |c 20071113  |g PSBO 
801 2 |a RU  |b 63413507  |c 20071126  |g PSBO 
942 |c BK